Παραγωγή και αξιολόγηση διδακτικού υλικού για τα ηλεκτρικά κυκλώματα στην Ε' τάξη Δημοτικού Σχολείου : διπλωματική εργασία [μεταπτυχιακή εργασία]
Saved in:
| Main Author: | |
|---|---|
| Corporate Author: | |
| Other Authors: | |
| Format: | Thesis Book |
| Language: | Greek |
| Published: |
2013
|
| Subjects: | |
| Online Access: | http://hdl.handle.net/11610/16229 |
| Tags: |
Add Tag
No Tags, Be the first to tag this record!
|
MARC
| LEADER | 00000cam a2200000 i 4500 | ||
|---|---|---|---|
| 001 | 1/37786 | ||
| 008 | 131030s2013 gre d | ||
| 035 | |l 10115899 | ||
| 040 | |a GR-MY-UA |b gre |e aacr | ||
| 041 | 0 | |a gre | |
| 082 | 0 | |a 372.357 |2 (22) | |
| 100 | 1 | |a Θεοφάνους, Στέλλα. | |
| 245 | 1 | 0 | |a Παραγωγή και αξιολόγηση διδακτικού υλικού για τα ηλεκτρικά κυκλώματα στην Ε' τάξη Δημοτικού Σχολείου : |b διπλωματική εργασία [μεταπτυχιακή εργασία] / |c Θεοφάνους Στέλλα ; επιβλέπων: Σκουμιός Μιχαήλ |
| 260 | |c 2013 | ||
| 300 | |a 254 σ.; |b φωτ., πίν.; |c 30 εκ. | ||
| 500 | |a Μέλη εξεταστικής επιτροπής: Τσολακίδης Κωνσταντίνος, Χιονίδου Μαρία | ||
| 502 | # | # | |a Διατριβή (μεταπτυχιακή) – Πανεπιστήμιο Αιγαίου, Ρόδος, 2013. |
| 504 | |a Βιβλιογραφία: σ. 190-202 | ||
| 650 | 0 | 0 | |a Physics |x Study and teaching. |
| 650 | 0 | 0 | |a Students |x Attitudes |x Case studies. |
| 650 | 0 | 0 | |a Science |x Study and teaching (Elementary) |
| 650 | 0 | 0 | |a Dissertations, Academic |z Greece. |
| 700 | 0 | |a Σκουμιός, Μιχαήλ. |4 ths | |
| 710 | 2 | |a Πανεπιστήμιο Αιγαίου |b Σχολή Ανθρωπιστικών Επιστημών |b Παιδαγωγικό Τμήμα Δημοτικής Εκπαίδευσης |b Πρόγραμμα Μεταπτυχιακών Σπουδών Επιστήμες της Αγωγής - Εκπαίδευση με τη Χρήση Νέων Τεχνολογιών. | |
| 852 | |a INST |b RHODES |c DIATR |e 20131030 |h 372.357 ΘΕΟ |p 005400035755 |q 005400035755 |t MTXE |y 23 | ||
| 852 | |a INST |b RHODES |c DIATR |e 20131030 |h 372.357 ΘΕΟ |p 005400035756 |q 005400035756 |t MTXE |y 23 | ||
| 856 | |u http://hdl.handle.net/11610/16229 | ||
| 901 | |a BIBL4-2013-3 | ||
| 909 | |a Ρ |b 182266 | ||
| 909 | |a Ρ |b 182267 | ||
| 924 | |a ΘΕΟΦΑΝΟΥΣ |b ΣΤΕΛΛΑ |y ΡΟΔΟΣ |z 2013-07 | ||
| 970 | |z 2013/10/30 | ||